| 000 | 00604nam a2200205 i 4500 | ||
|---|---|---|---|
| 001 | 96328 | ||
| 003 | ES-MaACL | ||
| 005 | 20230906181906.0 | ||
| 007 | t| | ||
| 008 | 050615s1985 fr ||||1| fre d | ||
| 100 | 1 |
_aMahfuz, Naguib. _975531 |
|
| 245 | 1 | 3 |
_aLe voleur et les chiens / _cNaguib Mahfouz ; traduit de l'arabe par Khaled Osman. |
| 260 |
_aParis : _bSindbad, _c1985. |
||
| 300 |
_a167 p. ; _c23 cm. |
||
| 490 | 1 | _aLa Bibliothèque arabe | |
| 700 | 1 |
_aOsman, Khaled. _987760 |
|
| 830 | 0 |
_aLa Bibliothèque arabe _9184386 |
|
| 852 |
_aES-MaACL _jL-6870 _bR.115675 |
||
| 999 |
_c96328 _d96328 |
||